Goin' Back to Hogwarts Lyrics Part 2 Quiz Stats

 Plays Quiz not verified by Sporcle

Support Sporcle.
Go Orange.
Score 0/201 Timer 10:00
0 Plays Today
% Correct
I
100%
my
100%
for
100%
a
100%
I
100%
I
100%
And
100%
I
100%
to
100%
a
100%
you
100%
the
100%
And
100%
And
100%
and
100%
the
100%
and
100%
For
100%
to
100%
to
100%
to
100%
to
100%
to
100%
and
100%
and
100%
To
100%
and
100%
and
100%
to
100%
I
100%
and
100%
I
100%
I
100%
I
100%
From
100%
to
100%
my
100%
for
100%
be
97.9%
smart
97.9%
in
97.9%
in
97.9%
totally
97.9%
awesome
97.9%
This
97.9%
year
97.9%
study
97.9%
lot
97.9%
That
97.9%
would
97.9%
be
97.9%
cool
97.9%
if
97.9%
were
97.9%
actually
97.9%
hot
97.9%
Ron,
97.9%
on
97.9%
We're
97.9%
only
97.9%
friends
97.9%
that
97.9%
she's
97.9%
got!
97.9%
cool...
97.9%
totally
97.9%
awesome!
97.9%
% Correct
it's
97.9%
so
97.9%
cool
97.9%
it's
97.9%
totally
97.9%
awesome!
97.9%
We're
97.9%
this
97.9%
It's
97.9%
we're
97.9%
in
97.9%
We
97.9%
gotta
97.9%
get
97.9%
back
97.9%
Hogwarts
97.9%
We
97.9%
gotta
97.9%
get
97.9%
back
97.9%
We
97.9%
gotta
97.9%
get
97.9%
back
97.9%
Hogwarts
97.9%
Where
97.9%
everything
97.9%
is
97.9%
magic-coooool
97.9%
Back
97.9%
witches
97.9%
wizards,
97.9%
magical
97.9%
beasts
97.9%
goblins
97.9%
ghosts
97.9%
magical
97.9%
feasts
97.9%
It's
97.9%
all
97.9%
that
97.9%
love,
97.9%
it's
97.9%
all
97.9%
that
97.9%
need
97.9%
Hogwarts,
97.9%
Hogwarts
97.9%
we're
97.9%
goin'
97.9%
back...
97.9%
Cho
97.9%
Chang
97.9%
Cho
97.9%
Chang
97.9%
Chang
97.9%
Year,
97.9%
Cho
97.9%
Chang
97.9%
Cho
97.9%
Chang
97.9%
am
97.9%
so
97.9%
in
97.9%
love
97.9%
with
97.9%
Cho
97.9%
% Correct
Chang
97.9%
Ding
97.9%
Dang
97.9%
love
97.9%
Cho
97.9%
Chang
97.9%
may
95.8%
'A's'
95.8%
yeah,
95.8%
that's
95.8%
plan
95.8%
Hey
95.8%
come
95.8%
that's
95.8%
that's
95.8%
Yeah,
95.8%
Yeah,
95.8%
school
95.8%
At
95.8%
think
95.8%
Hey
95.8%
but
93.8%
I'm
93.8%
grades,
93.8%
they're
93.8%
start
93.8%
make
93.8%
up
93.8%
of
93.8%
lost
93.8%
found
93.8%
no
93.8%
super
91.7%
Check
91.7%
out
91.7%
What
91.7%
lack
91.7%
looks
91.7%
well
91.7%
heart
91.7%
well
91.7%
sick
91.7%
summer
91.7%
waiting
91.7%
around
91.7%
like
91.7%
sitting
91.7%
Happy
91.7%
Happy
91.7%
New
91.7%
frumpy,
89.6%
take
89.6%
I'll
89.6%
sing
89.6%
aloud
89.6%
anyone
87.5%
see
87.5%
arigato,
87.5%
Bangkok
87.5%
guys,
85.4%
Don't
85.4%
how...
85.4%
Domo
83.3%
sorcery
79.2%
Fat
68.8%
Choy,
68.8%
Gung
58.3%

You're not logged in!

Compare scores with friends on all Sporcle quizzes.
OR
Log In

From the Vault

The Hollywood Life II

by zalkon2004

You ain't never had a friend like these dearly departed celebrities.
Remove Ads.
Support Sporcle.
Get the best of Sporcle when you Go Orange. This ad-free experience offers more features, more stats, and more fun while also helping to support Sporcle. Thank you for becoming a member.

Show Comments

Extras

Top Quizzes Today


Score Distribution

Your Account Isn't Verified!

In order to create a playlist on Sporcle, you need to verify the email address you used during registration. Go to your Sporcle Settings to finish the process.

Report this User

Report this user for behavior that violates our Community Guidelines.

Details: